000 00422nam a2200157Ia 4500
005 20260511200431.0
008 260511s9999 xx 000 0 und d
100 _aBrockman, John
245 4 _aThe third culture beyond the scientific revolution
650 _aComputer Science
650 _aCreative Technology
650 _aCybersecurity
650 _aGames Development
650 _aSoftware Engineering
942 _cBK
999 _c4660
_d4660